都道府県別温泉地数ランキング - Statistics

General Stats
  • This quiz has been taken 112 times
  • The average score is 8 of 47
Answer Stats
都道府県 温泉地数 % Correct
北海道 230
99%
長野県 194
57%
新潟県 142
45%
福島県 127
37%
沖縄県 13
32%
青森県 125
29%
静岡県 118
29%
群馬県 96
29%
鹿児島県 87
29%
秋田県 117
28%
大分県 63
21%
岩手県 83
20%
山形県 74
20%
兵庫県 81
17%
大阪府 17
17%
千葉県 83
16%
岐阜県 54
16%
東京都 21
16%
栃木県 67
14%
鳥取県 15
14%
熊本県 53
13%
三重県 71
10%
富山県 66
10%
宮城県 40
10%
神奈川県 40
10%
埼玉県 29
10%
香川県 28
10%
山梨県 27
10%
佐賀県 19
10%
広島県 62
9%
石川県 53
9%
茨城県 35
9%
愛知県 34
9%
滋賀県 25
9%
徳島県 25
9%
和歌山県 47
8%
山口県 41
8%
福井県 37
8%
愛媛県 36
8%
長崎県 34
8%
福岡県 47
7%
島根県 40
7%
岡山県 34
7%
奈良県 33
7%
宮崎県 29
7%
京都府 47
6%
高知県 40
6%
No matching quizzes found
Score Distribution
Percent of People with Each Score
Percentile by Number Answered
Your Score History
You have not taken this quiz